000 00381 a2200157 4500
001 180511
020 _a
040 _cMagnum
100 _aSeber, Maria da Gloria
240 1 0 _aConstrucao da inteligencia pela crianca/v.4
_lpor
245 1 0 _aConstrucao da inteligencia pela crianca/v.4
362 0 _a1899
440 1 _aScipione
697 _aMAGNITO: PEDAGOGIA
942 _cBK
999 _c180511
_d180511